000 00414nam a2200133Ia 4500
008 230917s9999||||xx |||||||||||||| ||und||
040 _e164891
_aMAIN
041 _aEnglish
082 _a891.432741 RP137P
100 _aप्रसाद, राजेन्द्र
245 0 _aप्रतीतियाँ के बाहर
260 _aदिल्ली
_bसन्मार्ग
_c1978
942 _cHN
999 _c184497
_d184497